| 000 | 01830cam a22003975a 4500 | ||
|---|---|---|---|
| 001 | 12867699 | ||
| 003 | NUST-PNEC | ||
| 005 | 20170116180706.0 | ||
| 008 | 020724s2002 enka b 001 0 eng c | ||
| 010 | _a 2002510209 | ||
| 015 | _aGBA2-Z0648 | ||
| 020 | _a0071396438 | ||
| 035 | _a(OCoLC)ocm48931938 | ||
| 040 | _cPNEC | ||
| 042 | _apcc | ||
| 050 | 0 | 0 |
_aTK6642 _b.A93 2002 |
| 082 | 0 | 0 | _a621.3897 WHI |
| 100 |
_9360 _aWhitaker, Jerry C. |
||
| 245 | 0 | 0 |
_aAudio/video protocol handbook : _bbroadcast standards and reference data / _cJerry C. Whitaker, editor. |
| 260 |
_aNew York : _bMcGraw-Hill, _cc2002. |
||
| 300 |
_axix, 589 p. : _bill. ; _c24 cm. + |
||
| 440 | 0 | _aMcGraw-Hill video/audio professional | |
| 500 | _aIncludes Index http://www.amazon.com/Audio-Video-Protocol-Handbook-Whitaker/dp/0071396438/ref=sr_1_1?s=books&ie=UTF8&qid=1411619925&sr=1-1&keywords=0071396438 | ||
| 504 | _aIncludes bibliographical references and index. | ||
| 650 | 0 |
_aTelevision _xTransmitters and transmission _vHandbooks, manuals, etc. |
|
| 650 | 0 |
_aRadio _xEE, EL _vHandbooks, manuals, etc. |
|
| 650 | 0 |
_aDigital video _xStandards _zUnited States _vHandbooks, manuals, etc. |
|
| 650 | 0 |
_aSound _xRecording and reproducing _xStandards _zUnited States _vHandbooks, manuals, etc. |
|
| 700 | 1 | _aWhitaker, Jerry C. | |
| 856 | 4 | 2 |
_3Contributor biographical information _uhttp://www.loc.gov/catdir/bios/mh041/2002510209.html |
| 856 | 4 | 2 |
_3Publisher description _uhttp://www.loc.gov/catdir/description/mh024/2002510209.html |
| 856 | 4 | 1 |
_3Table of contents _uhttp://www.loc.gov/catdir/toc/mh023/2002510209.html |
| 906 |
_a7 _bcbc _cpccadap _d2 _encip _f20 _gy-gencatlg |
||
| 942 |
_2ddc _cBK |
||
| 999 |
_c60743 _d60743 |
||